Who Scored The Goal? (Beşiktaş) European Matches - Statistics

General Stats
  • This quiz has been taken 23 times
    14 since last reset
  • The average score is 10 of 21
Answer Stats
Matches Scorer % Correct
St. Patrick's - Beşiktaş14' 0-2 Tammy Abraham
100%
St. Patrick's - Beşiktaş23' 0-3 Tammy Abraham
100%
St. Patrick's - Beşiktaş43' 0-4 Tammy Abraham
100%
Beşiktaş - St. Patrick's49' 2-2 Tammy Abraham
100%
Beşiktaş - Shakhtar Donetsk87' 2-3 Joao Mario
75%
Beşiktaş - St. Patrick's79' 3-2 Joao Mario
75%
Beşiktaş - Shakhtar Donetsk40' 1-2 Tammy Abraham
75%
St. Patrick's - Beşiktaş8' 0-1 Joao Mario
50%
Lausanne - Beşiktaş45' 0-1 Milot Rashica
50%
Beşiktaş - Shakhtar Donetsk7' 0-1 Alisson Santana
25%
Lausanne - Beşiktaş83' 1-1 Bryan Okoh
25%
Beşiktaş - St. Patrick's3' 0-1 Conor Carty
25%
Beşiktaş - St. Patrick's43' 1-2 Demir Ege Tıknaz
25%
Beşiktaş - Shakhtar Donetsk28' 0-2 Eguinaldo
25%
Shakhtar Donetsk - Beşiktaş45+1' 2-0 Kaua Elias
25%
Beşiktaş - Shakhtar Donetsk67' 1-3 Kevin
25%
Beşiktaş - Shakhtar Donetsk90+5' 2-4 Kevin
25%
Shakhtar Donetsk - Beşiktaş12' 1-0 Kevin
25%
Beşiktaş - Lausanne45+1' 0-1 Nathan Butler-Oyedeji
25%
Beşiktaş - St. Patrick's34' 0-2 Ryan McLaughlin
25%
St. Patrick's - Beşiktaş49' 1-4 Simon Power
25%
No matching quizzes found
Score Distribution
Percent of People with Each Score
Percentile by Number Answered
Your Score History
You have not taken this quiz since the last reset